000 00532nam a2200217Ia 4500
003 OSt
005 20220924133420.0
006 a|||||r|||| 00| 0
007 ta
008 220923b |||||||| |||| 00| 0 snd d
024 _a265214
037 _cTextual
040 _aARTS
_cARTS
_bsnd
041 _2snd
_asnd
082 _aO159:1N13:1, J9
100 _aSadarangani
_9206402
245 0 _aRangeen rubayan
260 _c1959
942 _hO159:1N13:1, J9
_cTEXL
_2CC
999 _c433756
_d433756